000 00285nam a22001337a 4500
008 170310b xxu||||| |||| 00| 0 eng d
020 _a9780781739191
041 _aeng
080 _23ED
_a611
100 _a6
101 _aSHM
245 _aPHYSIOLOGY
_cCOSTANZO.L.S
942 _2udc
_cBK
999 _c7414
_d7414